000 01734cam a2200277 i 4500
005 20160131092653.0
008 040719s2004 ck abdo r 000 0 spa d
040 _aCO-BoPUJ
_cCO-BoIAVH
_dCO-BoIAVH
041 0 _aspa
043 _as-ck---
044 _ack
082 0 4 _a631.5
_bR31r
245 0 0 _aRecuperando vida :
_bguías para la recuperación de las semillas y la soberanía alimentaria en situaciones de conflicto en Colombia /
_ceditor Juan G. Gaviria V ; coordinación del equipo Walquiria Pérez ; idea y concepto Hans Peter Wiederkher.
260 _aBogotá :
_bSwissaid,
_c2004.
300 _a223 páginas :
_bilustraciones, fotos, gráficos, mapas y tablas ;
_c34 cm.
504 _aIncluye referencias bibliográficas.
505 0 _tDiagnóstico participativo rápido. --
_tLa perspectiva de género en la recuperación de la seguridad alimentaria. --
_tSelección, producción y conservación de semillas por los agricultores. --
_tConsecución inicial de semillas, búsqueda y distribución. --
_tBanco de semillas locales, reservas de vida. --
_tProducción agroecológica. --
_tEstrategias para el retorno. --
_tDiez "lecciones aprendidas" en la recuperación de las semillas locales. --
_tEl seguimiento y la evaluación de la propuesta de recuperación de los sistemas locales de producción y sus indicadores.
650 1 4 _aSemillas
_xCultivo
650 2 4 _aSeguridad alimentaria
_zColombia
650 2 4 _aDesplazados por la violencia
_xAspectos sociales
_zColombia
650 2 4 _aProducción alimenticia
_zColombia
700 1 _aGaviria V., Juan G.,
_eeditor.
700 1 _aPérez, Walquiria
_eCoordinador.
700 1 _aWiederkher, Hans Peter
942 _2ddc
_cLIBRO
999 _c3883
_d3883